Ruddy : přepodivný příběh ze života Ruddyho /

Kreslený příběh o neohroženém závodníkovi na koloběžce. Nové vydání doplněno o dvě krátké epizody, které vyšly až později v komiksovém sborníku Aargh!.

Hlavní autor: Čech, Pavel, 1968-
Jazyk: Čeština
Vydáno: [Havlíčkův Brod] : Petrkov, 2022
Vydání: V nakladatelství Petrkov vydání první
Témata:
Fyzický popis: 94 stran : ilustrace (některé barevné) ; 31 cm
Language note: Český text
Knihy
Uloženo v:
LEADER 01577nam a2200385 i 4500
001 nkc20223472698
003 CZ PrNK
005 20230201174312.0
007 ta
008 221115s2022 xr a g 6 000 1 cze
015 |a cnb003472698 
020 |a 978-80-87595-96-1  |q (vázáno) 
035 |a (OCoLC)1372328647 
040 |a ABG001  |b cze  |d BOA001  |d ABA001  |e rda 
072 7 |a 741.52  |x Komiksy. Komiksové adaptace  |2 Konspekt  |9 21 
080 |a 741.52(0:82-321.3)  |2 MRF 
100 1 |a Čech, Pavel,  |d 1968-  |7 jn20010309243  |4 aut  |4 ill 
245 1 0 |a Ruddy :  |b přepodivný příběh ze života Ruddyho /  |c Pavel Čech 
250 |a V nakladatelství Petrkov vydání první 
264 1 |a [Havlíčkův Brod] :  |b Petrkov,  |c 2022 
300 |a 94 stran :  |b ilustrace (některé barevné) ;  |c 31 cm 
336 |a text  |b txt  |2 rdacontent 
336 |a statický obraz  |b sti  |2 rdacontent 
337 |a bez média  |b n  |2 rdamedia 
338 |a svazek  |b nc  |2 rdacarrier 
520 2 |a Kreslený příběh o neohroženém závodníkovi na koloběžce. Nové vydání doplněno o dvě krátké epizody, které vyšly až později v komiksovém sborníku Aargh!.  |b Černobílé ilustrace podporují akční vyznění příběhu. 
546 |a Český text 
655 7 |a akční a dobrodružné komiksy  |7 fd1057471  |2 czenas 
655 9 |a action and adventure comics  |2 eczenas 
910 2 |a BOA001  |b 4-1499.319 
920 |a 4678150  |z ABG001 
990 |a BK 
995 |a 01 
991 |b 202212  |c NOV 
996 6 |b 2610922337  |c 4-1499.319  |l MZK  |r Sklad / do 1 hodiny  |n 1  |p p.v.  |w 001906921  |u 000010  |a 1  |e BOA001  |j MZK50  |s P